000 00601cam0a220021700 4500
001 zam00003184
008 951128s1948 xx eng u
035 _a(Sirsi) r20518
035 _a(MACHINE)SLC.
100 _aCross, R.
_6A81908.1
245 1 0 _aIntroduction to criminal law.
260 _c1948.
949 _aKD91
_wlcc
_mMAIN
_p2500
_tSHORTLOAN
_lSHORTLOAN
004 20518
591 _aClass code: L 240.
591 _aCourse: Criminal law and law procedure.
591 _aSchool: S06.
591 _aLecturer: Dr. SIMALUWANI, E.M.
591 _aNumber of Students: 32.
909 _aBook
999 _c8478
_d8478